[Event "Reykjavik op"]
[Site "Reykjavik"]
[Date "2024.03.20"]
[Round "8"]
[White "Arun, Nitish"]
[Black "Erlbeck, Peter"]
[Result "1/2-1/2"]
[WhiteElo "1808"]
[BlackElo "2014"]
[PlyCount "78"]
[EventDate "2024.03.15"]
[EventType "swiss"]
[EventRounds "9"]
[EventCountry "ISL"]
[SourceTitle "CB13_2024"]
[SourceDate "2024.03.27"]
[SourceVersion "1"]
[SourceVersionDate "2024.03.27"]
[SourceQuality "1"]

1. d4 f5 2. g3 Nf6 3. Bg2 g6 4. Nf3 Bg7 5. 0-0 0-0 6. c4 d6 7. Nc3 Qe8 8. Bf4 c6 9. b4 h6 10. Qb3 g5 11. Be3 e5 12. dxe5 dxe5 13. Bc5 Rf7 14. Bd6 Nbd7 15. c5 g4 16. Nd2 e4 17. Nc4 Nd5 18. Nxd5 cxd5 19. Nb2 Nf6 20. Rab1 Be6 21. Qd1 Nh5 22. e3 Rd7 23. a4 Rad8 24. Qc2 Qg6 25. Rfd1 Bf6 26. Bf1 Rh7 27. Rd2 Ng7 28. Nd1 Ne8 29. Bf4 Qg7 30. Rc1 h5 31. Nc3 h4 32. Ne2 Be5 33. Rcd1 Nc7 34. Bxe5 Qxe5 35. Nf4 hxg3 36. fxg3 Bf7 37. Rd4 Rc8 38. R1d2 Kg7 39. Qd1 Qf6 1/2-1/2

[Event "Reykjavik op"]
[Site "Reykjavik"]
[Date "2024.03.15"]
[Round "1"]
[White "Jonsdottir, Katrin Maria"]
[Black "Arun, Nitish"]
[Result "0-1"]
[WhiteElo "1525"]
[BlackElo "1808"]
[PlyCount "108"]
[EventDate "2024.03.15"]
[EventType "swiss"]
[EventRounds "9"]
[EventCountry "ISL"]
[SourceTitle "CB13_2024"]
[SourceDate "2024.03.27"]
[SourceVersion "1"]
[SourceVersionDate "2024.03.27"]
[SourceQuality "1"]

1. e4 e5 2. Nf3 Nc6 3. Bc4 Nf6 4. d3 Bc5 5. c3 d6 6. h3 h6 7. 0-0 0-0 8. b4 Bb6 9. Nbd2 a5 10. b5 Ne7 11. a4 Ng6 12. Ba3 Re8 13. Qb3 Be6 14. Bxe6 Rxe6 15. c4 Bc5 16. Rac1 Nf4 17. Rfe1 g5 18. Bxc5 dxc5 19. Rc3 g4 20. hxg4 Nxg4 21. Nf1 Rg6 22. Ng3 h5 23. Ne2 Qf6 24. Nxf4 Qxf4 25. Qd1 h4 26. Qd2 Qf6 27. Nh2 h3 28. g3 Nxh2 29. Kxh2 Qf3 30. Rg1 Rd8 31. Qe3 Rf6 32. Qxf3 Rxf3 33. Rd1 Rxf2+ 34. Kxh3 Ra2 35. Rb1 b6 36. Rbb3 Rxa4 37. Ra3 Rb4 38. Rcb3 Kf8 39. Kg2 Ke7 40. Kf3 Kd6 41. Ke3 Rh8 42. Rxb4 cxb4 43. Ra1 Rh3 44. Kf3 Rh2 45. Ke3 Rc2 46. g4 b3 47. Rf1 b2 48. Rb1 Kc5 49. g5 a4 50. Kf3 a3 51. Rg1 Rc1 52. Rg2 b1Q 53. g6 Qxd3+ 54. Kf2 Rf1# 0-1

[Event "Dublin op"]
[Site "Dublin"]
[Date "2024.01.06"]
[Round "5"]
[White "Arun, Nitish"]
[Black "Brozynski, Patryk"]
[Result "0-1"]
[WhiteElo "1470"]
[BlackElo "2059"]
[PlyCount "144"]
[EventDate "2024.01.04"]
[EventType "swiss"]
[EventRounds "7"]
[EventCountry "IRL"]
[SourceTitle "CB02_2024"]
[SourceDate "2024.01.10"]
[SourceVersion "1"]
[SourceVersionDate "2024.01.10"]
[SourceQuality "1"]

1. d4 Nf6 2. c4 g6 3. Nc3 Bg7 4. e4 d6 5. Nf3 0-0 6. Be2 e5 7. 0-0 Nc6 8. d5 Ne7 9. Bg5 a5 10. a3 Nd7 11. b4 h6 12. Bxe7 Qxe7 13. Ne1 f5 14. Nd3 fxe4 15. Nxe4 Nf6 16. f3 Bf5 17. Ndf2 Rfd8 18. Qb3 axb4 19. axb4 Kh7 20. Ra2 Rxa2 21. Qxa2 c6 22. Rd1 cxd5 23. Nxf6+ Bxf6 24. g4 Bd7 25. Rxd5 Bc6 26. Rd1 e4 27. Qb3 Bh4 28. Nxe4 Bxe4 29. fxe4 Qxe4 30. Qf3 Re8 31. Qxe4 Rxe4 32. Rd2 Bg5 33. Rc2 b6 34. Kf2 Kg7 35. Ra2 Kf6 36. Ra6 Ke5 37. Ra8 Bh4+ 38. Kf3 Kd4 39. Ra3 Rxe2 40. Kxe2 Kxc4 41. Rd3 d5 42. Rh3 Bg5 43. Rd3 b5 44. h3 d4 45. Rd1 h5 46. Rd3 hxg4 47. hxg4 Be7 48. Kd2 Bxb4+ 49. Kc2 Bc3 50. Rf3 b4 51. Rf7 d3+ 52. Kc1 Kd5 53. Rc7 Ke4 54. Rc8 Kf3 55. Rc4 Ke3 56. Kd1 g5 57. Rc8 Be5 58. Re8 Kd4 59. Rd8+ Ke4 60. Kc1 b3 61. Rd7 b2+ 62. Kb1 Bc3 63. Re7+ Kf3 64. Rc7 d2 65. Rxc3+ Ke4 66. Kxb2 d1Q 67. Ka3 Qxg4 68. Rc4+ Kf3 69. Rc3+ Kf2 70. Rc2+ Qe2 71. Rc8 g4 72. Rf8+ Qf3+ 0-1